Open Data Biblioteca Nacional de Portugal


República Portuguesa: Ministério da Cultura
Biblioteca Nacional de Portugal

Catálogo da BNP: acesso por Identificadores Unívocos
Registos Bibliográficos associados ao registo de autoridade

Etiqueta de registo: 02217cam 02200409 04500
001 51516
003 http://id.bnportugal.gov.pt/bib/catbnp/51516
005 20010912154500.0
095 ## $aPTBN00052981
100 ## $a19880223d1593 k y0pora0103 ba
101 0# $apor
102 ## $aPT
105 ## $ay z 000yy
106 ## $ar
200 1# $a [ Liuro de tombo dos bens, direitos, padroados, comedorias, iurdições, passais, quintas, casais, propriedades, & de todas as mais cousas que pertencem á Mesa Abbacial, que foi do Mosteiro de Sam Saluador de Paço de Sousa, da Ordem do glorioso Sam Bento, sito no Concelho de Penafiel de Sousa, termo da mui nobre & sempre leal cidade do Porto, annexa in perpetuum ao Collegio & Vniuersidade do Spiritu Sancto da Companhia de Iesu da Cidade de Euora, assi antre Douro & Minho, como aquem Douro$ffeito por o licenceado Ambrosio Dandrade... Começado aos vinte & quatro dias do mes de Outubro, do anno de mil & quinhentos & oitenta & quatro]
210 #9 $a[Impresso em a dita cidade de Euora$cpor Manoel de Lyra,$d1593]
215 ## $a[18], 754 f.$d2º (40 cm)
300 ## $aDescrição segundo D. Manuel
306 ## $aNo f. final, o "Encerramento do Tombo, & Errata delle" está datado de Coimbra, 22 de Março de 1594
307 ## $aF. de rosto com tarjas, tendo ao centro o emblema da Companhia de Jesus
307 ## $aAssin: ººº-ººººººººº//2, A-N//2, O//1, R//2, Aa-Zz//2, AAA-ZZZ//2, AAAA-ZZZZ//2, AAAAA-ZZZZZ//2, AAAAAA-ZZZZZZ//2, a-z//2, aa-zz//2, aaa-vvv//2, A-Z//2, Aa-Zz//2, Aaa-Zzz//2, Aaaa-Zzzz//2, Aaaaa-Zzzzz//2, Aaaaaa-Zzzzzz//2, AA-ZZ//2, AAA-MMM//2
316 ## $aEx. mutilado: falta o rosto e as f. 28 a 32 e 35 a 46. - Enc. em pele sobre madeira$5PTBN: RES. 228 A.
321 1# $aAnselmo 761
321 1# $aD. Manuel 231
321 1# $aSimões 21
321 1# $aIberian Books 68835 [648]
518 1# $aLivro de tombo dos bens, direitos, padroados, jurisdições, passais, quintas, casais, propriedades, e de todas as mais coisas que pertencem à Mesa Abbacial que foi do Mosteiro de São Salvador de Paço de Sousa, da Ordem do glorioso São Bento
620 ## $dÉvora
700 #1 $aAndrade,$bAmbrósio de,$ffl. 15--$34684
702 #1 $aLira,$bManuel de,$ffl. 1579-1609$4610$3143405
801 #0 $aPT$bBN$gRPC
856 40 $uhttps://purl.pt/14779
856 41 $uhttps://purl.pt/14779/service/media/cover/low
856 49 $uhttps://purl.pt/14779/service/media/pdf$qapplication/pdf
958 ## $aBND$bLivre$cDigitalizado$d1$ehttps://purl.pt/14779/service/media/cover/max
966 ## $lBN$mMICROF$sF.R. 1428
966 ## $lBN$mRESIMP$nMutilado, falta o rosto e as f. 28 a 32 e 35 a 46. - Encadernação em pele sobre madeira.$sRES. 228 A.
976 ## $d20260507$rpmesqui
995 ## $aPATRIMONIA3 $d20120405$imsantos$zBND$d20120504$imsantos
998 ## $aCR901 - 00021

OpendataBNP@bnportugal.pt | Mais informação sobre acesso aos dados BNP